44 inventeurs, explorateurs et scientifiques - Statistiques

Statistiques générales
  • Ce quiz a été pris 56 fois
  • Le résultat moyen est 24 sur 44
Statistiques - réponses
Question Réponse % Correct
Qui a découvert l’Amérique en 1492 ? Christophe Colomb
89%
Nom des frères à l’origine du cinéma ? Lumière
89%
Qui a inventé le vaccin contre la rage en 1885 ? Louis Pasteur
86%
Qui a proposé la théorie de la relativité en 1905 ? Albert Einstein
80%
Qui a inventé l’imprimerie vers 1450 ? Johannes Gutenberg
80%
Qui a inventé l’ampoule électrique en 1879 ? Thomas Edison
80%
Quelle scientifique a découvert le radium et le polonium ? Marie Curie
75%
Qui a inventé la dynamite en 1867 ? Alfred Nobel
73%
Qui a introduit la théorie de l’évolution en 1859 ? Charles Darwin
73%
Qui a inventé le téléphone en 1876 ? Graham Bell
73%
Qui a formulé la loi de la gravitation universelle au XVIIe siècle ? Isaac Newton
73%
Génie universel de la Renaissance, peintre et inventeur Léonard de Vinci
73%
Qui a donné son nom au continent américain ? Amerigo Vespucci
68%
Savant grec de l’Antiquité, célèbre pour son “Eurêka !” Archimède
66%
Philosophe et mathématicien grec, célèbre pour son théorème Pythagore
66%
Père de la psychanalyse, il a analysé les rêves et l’inconscient Sigmund Freud
66%
Grand penseur grec, élève de Platon et précepteur d’Alexandre le Grand Aristote
64%
Qui a inventé la pile électrique en 1800 ? Alessandro Volta
61%
Qui a réalisé le premier tour du monde en 1522 ? Fernand de Magellan
61%
Philosophe chinois, maître de la sagesse et de l’éthique Confucius
59%
Qui a théorisé l’héliocentrisme, affirmant que la Terre tourne autour du Soleil ? Nicolas Copernic
59%
Qui a ouvert la route maritime vers l’Inde en 1498 ? Vasco de Gama
59%
Nom des frères ayant réalisé le premier vol motorisé en 1903 ? Wright
59%
Savant et homme politique américain, maître du paratonnerre Benjamin Franklin
55%
Qui a confirmé l’héliocentrisme avec la lunette astronomique ? Galilée
55%
Qui a découvert la Nouvelle-Zélande et l’Australie au XVIIIe siècle ? James Cook
55%
Qui a exploré l’Asie et raconté ses voyages au XIIIe siècle ? Marco Polo
55%
Mathématicien, philosophe et inventeur de la première machine à calculer Blaise Pascal
52%
Qui a exploré le Canada au XVIe siècle ? Jacques Cartier
52%
Qui a découvert la pénicilline en 1928 ? Fleming
50%
Qui a imaginé le premier tableau périodique des éléments ? Dmitri Mendeleïev
48%
Qui a perfectionné la machine à vapeur au XVIIIe siècle ? James Watt
48%
Père de la chimie moderne, guillotiné en 1794 Antoine Lavoisier
43%
Qui a développé le courant alternatif ? Nikola Tesla
43%
Quel scientifique a révolutionné l’astronomie avec ses lois planétaires ? Johannes Kepler
41%
Stratège chinois, auteur de L’Art de la guerre Sun Tzu
34%
Qui a inventé la première automobile moderne en 1886 ? Karl Benz
23%
Qui a inventé le télégraphe au XIXe siècle ? Samuel Morse
23%
Qui a exploré le Canada et fondé Québec en 1608 ? Samuel de Champlain
18%
Qui a découvert la radioactivité naturelle en 1896 ? Henri Becquerel
14%
Astronome de l’Antiquité, il défendait un modèle géocentrique de l’univers Ptolémée
14%
Savant grec qui calcula la circonférence de la Terre Ératosthène
11%
Qui a contourné le cap de Bonne-Espérance en 1488 ? Bartolomeu Dias
9%
Qui a conquis l’océan Pacifique au XVIe siècle ? Hernán Cortés
7%
Aucun quiz correspondant
Distribution des résultats
% des personnes avec chaque résultat
Percentile par nombre de réponses
Votre historique - résultats
Vous n’avez pas pris ce quiz